| 000 | 00528nam a2200193 i 4500 | ||
|---|---|---|---|
| 001 | 101294 | ||
| 003 | ES-MaACL | ||
| 005 | 20230906182851.0 | ||
| 007 | t| | ||
| 008 | 051017s1935 xxk ||||1| eng d | ||
| 100 | 1 |
_aMayo, Katherine. _979394 |
|
| 245 | 1 | 0 |
_aMother India / _cKatherine Mayo. |
| 260 |
_aLondon : _bJonathan Cape, _c1935. |
||
| 300 |
_a391 p. ; _c20 cm. |
||
| 651 | 0 |
_aIndia- _xDescripción. _98839 |
|
| 651 | 4 |
_aIndia- _xSituación social. _9137220 |
|
| 852 |
_aES-MaACL _jB-5719 |
||
| 852 |
_aES-MaACL _jA-3738 |
||
| 999 |
_c101294 _d101294 |
||